[Event "HEM 2006 B"]
[Site "Marburg"]
[Date "2006.04.15"]
[Round "7.12"]
[White "Funk, Volker"]
[Black "Höllwarth, Kai"]
[Result "1-0"]
[WhiteElo "2219"]
[BlackElo "1623"]
[PlyCount "71"]
[EventDate "2006.04.12"]
[EventType "swiss"]
[EventCountry "GER"]

1. b3 e5 2. Bb2 f6 3. d4 exd4 4. Qxd4 Nc6 5. Qd2 Bb4 6. c3 Ba5 7. e4 Nh6 8. Na3
Qe7 9. f3 Bb6 10. Nc4 Nf7 11. Ne2 Nce5 12. Nxb6 axb6 13. c4 d6 14. Nc3 Be6 15.
Be2 O-O 16. O-O c6 17. Rfd1 Qc7 18. f4 Rfd8 19. fxe5 Nxe5 20. Bf3 Nxf3+ 21.
gxf3 Bh3 22. Ne2 Ra5 23. Nf4 Rg5+ 24. Kh1 Qd7 25. Rg1 Ra8 26. Rxg5 fxg5 27.
Nxh3 Qxh3 28. Qg2 Qh5 29. Bd4 b5 30. cxb5 c5 31. Be3 Qf7 32. Rd1 Rxa2 33. Qg4
Qxb3 34. Qc8+ Kf7 35. Qd7+ Kg6 36. Rxd6+ 1-0

[Event "HEM 2006 B"]
[Site "Marburg"]
[Date "2006.04.15"]
[Round "7.13"]
[White "Böhme, Erich"]
[Black "Enders, Georg"]
[Result "1-0"]
[WhiteElo "2067"]
[BlackElo "1781"]
[PlyCount "99"]
[EventDate "2006.04.12"]
[EventType "swiss"]
[EventCountry "GER"]

1. c4 Nf6 2. Nc3 g6 3. d4 d5 4. cxd5 Nxd5 5. g3 Bg7 6. Bg2 e6 7. e4 Nxc3 8.
bxc3 c5 9. Ne2 Qa5 10. O-O cxd4 11. cxd4 O-O 12. Be3 Bd7 13. Qb3 Bb5 14. Rfe1
Qa6 15. Nc3 Bc4 16. Qa4 Nc6 17. Qxa6 Bxa6 18. Red1 Rac8 19. Rac1 Rfd8 20. e5
Nb4 21. Bf1 Bc4 22. a3 Nd5 23. Bg5 Re8 24. Ne4 Bxf1 25. Kxf1 h6 26. Bd2 Bf8 27.
Bb4 Red8 28. Bxf8 Kxf8 29. Nd6 Rxc1 30. Rxc1 b6 31. Ke2 Rd7 32. Kd3 Rc7 33.
Rxc7 Nxc7 34. Nc8 Ke8 35. Nxa7 Kd7 36. Kc4 h5 37. Nb5 Ne8 38. d5 exd5+ 39. Kxd5
g5 40. f4 g4 41. f5 Ng7 42. Nd6 h4 43. gxh4 Nh5 44. Nxf7 Nf4+ 45. Ke4 Ne2 46.
f6 Ke6 47. Ng5+ Kd7 48. e6+ Ke8 49. Ke5 Nc3 50. Nh7 1-0

[Event "HEM 2006 B"]
[Site "Marburg"]
[Date "2006.04.15"]
[Round "7.14"]
[White "Hierling, Stefan"]
[Black "Libuda, Thomas"]
[Result "1-0"]
[WhiteElo "1896"]
[BlackElo "2026"]
[PlyCount "90"]
[EventDate "2006.04.12"]
[EventType "swiss"]
[EventCountry "GER"]

1. e4 g6 2. d4 Bg7 3. Nf3 d6 4. h3 Nc6 5. c3 e5 6. Be3 f5 7. dxe5 Nxe5 8. Nxe5
Bxe5 9. Bd4 Qe7 10. Bc4 Bxd4 11. Qxd4 Qxe4+ 12. Qxe4+ fxe4 13. Nd2 Ne7 14. Nxe4
d5 15. Nf6+ Kf7 16. Nxd5 Be6 17. Ne3 Bxc4 18. Nxc4 b5 19. Ne3 Rhe8 20. O-O-O a5
21. Rd7 c6 22. Rhd1 Rac8 23. b3 Kf8 24. Kc2 Ra8 25. Rc7 a4 26. b4 Rad8 27. Rdd7
Rxd7 28. Rxd7 h5 29. h4 Kf7 30. Rd6 Rc8 31. a3 c5 32. Kd2 cxb4 33. cxb4 Nc6 34.
Rd5 Rd8 35. Rxd8 Nxd8 36. Kd3 Ne6 37. Ke4 Ke7 38. Ke5 Kf7 39. Nd5 Nd8 40. Nc3
Nc6+ 41. Kd5 Ne7+ 42. Kc5 Nf5 43. g3 Kf6 44. Nxb5 Nxh4 45. Nd4 g5 1-0

[Event "HEM 2006 B"]
[Site "Marburg"]
[Date "2006.04.15"]
[Round "7.15"]
[White "Ferozkohi, Ihsan"]
[Black "Förster, Rudi"]
[Result "1-0"]
[WhiteElo "1847"]
[BlackElo "1967"]
[PlyCount "89"]
[EventDate "2006.04.12"]
[EventType "swiss"]
[EventCountry "GER"]

1. d4 d5 2. c4 c6 3. Nc3 Nf6 4. Nf3 Bf5 5. Bg5 Nbd7 6. e3 e6 7. Be2 Qb6 8. Qb3
Ne4 9. O-O Nxg5 10. Nxg5 Be7 11. f4 h6 12. Nf3 O-O 13. Ne5 Nxe5 14. fxe5 Bg5
15. Kf2 f6 16. Qxb6 axb6 17. exf6 Rxf6 18. cxd5 exd5 19. Bf3 Be4 20. Ke2 Bxf3+
21. Rxf3 Re6 22. Kd3 Rae8 23. Re1 Bf6 24. g3 g5 25. h3 Bg7 26. a3 Re4 27. Re2
Kh8 28. Rf7 R4e7 29. Rxe7 Rxe7 30. e4 dxe4+ 31. Rxe4 Rd7 32. Na4 c5 33. Nxb6
Rxd4+ 34. Rxd4 Bxd4 35. b3 Bf2 36. g4 Kg7 37. Ke4 Kg6 38. Nc4 h5 39. a4 hxg4
40. hxg4 Be1 41. Nd6 b6 42. Nc4 Ba5 43. Nxa5 bxa5 44. Ke5 Kf7 45. Kf5 1-0

[Event "HEM 2006 B"]
[Site "Marburg"]
[Date "2006.04.15"]
[Round "7.16"]
[White "Grass, Ernest"]
[Black "Ritscher, Georg"]
[Result "0-1"]
[WhiteElo "1637"]
[BlackElo "2034"]
[PlyCount "70"]
[EventDate "2006.04.12"]
[EventType "swiss"]
[EventCountry "GER"]

1. e4 e5 2. Nf3 Nc6 3. d4 exd4 4. Nxd4 Bc5 5. Be3 Qf6 6. c3 Nge7 7. Bc4 O-O 8.
O-O Bb6 9. f4 d6 10. Na3 Ng6 11. Nac2 Bd7 12. Qf3 Rae8 13. Rae1 Nh4 14. Qf2
Rxe4 15. Bd3 Ree8 16. f5 Ne5 17. Be2 c5 18. g3 cxd4 19. cxd4 Nxf5 20. dxe5 Nxe3
21. Nxe3 Qxf2+ 22. Kxf2 Rxe5 23. Bc4 d5 24. Bb3 Rfe8 25. Kg2 Rxe3 26. Rd1 Re2+
27. Kh1 Bh3 28. Bxd5 Bxf1 29. Rxf1 R8e7 30. Rxf7 Rxf7 31. Bxf7+ Kxf7 32. h4 Kf6
33. a4 Kf5 34. b4 Kg4 35. a5 Kxg3 0-1

[Event "HEM 2006 B"]
[Site "Marburg"]
[Date "2006.04.15"]
[Round "7.17"]
[White "Ewin, Hans-Peter"]
[Black "Fay, Roland"]
[Result "1/2-1/2"]
[WhiteElo "1976"]
[BlackElo "1739"]
[PlyCount "22"]
[EventDate "2006.04.12"]
[EventType "swiss"]
[EventCountry "GER"]

1. e4 e6 2. d4 d5 3. Nc3 Nf6 4. Bg5 Be7 5. e5 Nfd7 6. h4 c5 7. Qg4 f5 8. Qg3 a6
9. Nf3 Nc6 10. O-O-O b5 11. Kb1 Kf8 1/2-1/2

[Event "HEM 2006 B"]
[Site "Marburg"]
[Date "2006.04.15"]
[Round "7.18"]
[White "Breitwieser, Peter"]
[Black "Keim, Alexander"]
[Result "1-0"]
[WhiteElo "1898"]
[BlackElo "1682"]
[PlyCount "45"]
[EventDate "2006.04.12"]
[EventType "swiss"]
[EventCountry "GER"]

1. b3 e6 2. Bb2 Nf6 3. e3 Be7 4. f4 O-O 5. Nf3 c5 6. Bd3 d6 7. O-O Nbd7 8. Nc3
b6 9. Ne2 Bb7 10. Ng3 g6 11. e4 Qc7 12. f5 exf5 13. exf5 Bxf3 14. Rxf3 Ne5 15.
Bxe5 dxe5 16. Bc4 Rad8 17. Qe2 Rd4 18. fxg6 hxg6 19. Raf1 Rf4 20. Rxf4 exf4 21.
Ne4 Nxe4 22. Qxe4 Bd6 23. Qxg6+ 1-0

[Event "HEM 2006 B"]
[Site "Marburg"]
[Date "2006.04.15"]
[Round "7.19"]
[White "Bauch, Frank"]
[Black "Krüger, Till"]
[Result "1-0"]
[WhiteElo "1682"]
[BlackElo "1851"]
[PlyCount "68"]
[EventDate "2006.04.12"]
[EventType "swiss"]
[EventCountry "GER"]

1. d4 g6 2. e4 Bg7 3. Nf3 d6 4. Nc3 Nf6 5. h3 c5 6. Be3 Qa5 7. Qd2 cxd4 8. Nxd4
a6 9. Be2 O-O 10. O-O-O Nc6 11. Nb3 Qc7 12. Bh6 b5 13. Bxg7 Kxg7 14. f3 Na5 15.
Nxa5 Qxa5 16. Kb1 Be6 17. h4 Rfc8 18. h5 b4 19. Nd5 Nxd5 20. exd5 Bf5 21. Rc1
Rc5 22. hxg6 Bxg6 23. Qh6+ Kg8 24. Bd3 f5 25. g4 Rxd5 26. gxf5 Rxf5 27. Rcg1
Kf7 28. Rxg6 hxg6 29. Qh7+ Kf6 30. Rh6 Ke5 31. Qxe7+ Kd4 32. Rh4+ Kc5 33. Rc4+
Kb6 34. Qxd6+ Kb7 1-0

[Event "HEM 2006 B"]
[Site "Marburg"]
[Date "2006.04.15"]
[Round "7.20"]
[White "Schneider, Udo"]
[Black "Bender, Manfred"]
[Result "1/2-1/2"]
[WhiteElo "1679"]
[BlackElo "1816"]
[PlyCount "53"]
[EventDate "2006.04.12"]
[EventType "swiss"]
[EventCountry "GER"]

1. d4 d5 2. c4 c6 3. Nf3 Nf6 4. Nc3 g6 5. Bf4 Bg7 6. e3 O-O 7. Rc1 Nbd7 8. Bd3
dxc4 9. Bxc4 Nb6 10. Bb3 Nbd5 11. Be5 Bg4 12. Nxd5 Nxd5 13. Bxg7 Kxg7 14. O-O
h5 15. h3 Bf5 16. Re1 Be4 17. Ng5 Nf6 18. Bxf7 Bd5 19. Ne6+ Bxe6 20. Bxe6 Ne4
21. f3 Qd6 22. Bb3 Qg3 23. f4 Ng5 24. Kh1 Ne4 25. Kg1 Nf2 26. Qe2 Nxh3+ 27. Kf1
1/2-1/2

[Event "HEM 2006 B"]
[Site "Marburg"]
[Date "2006.04.15"]
[Round "7.21"]
[White "Popp, Matthias"]
[Black "Reitmeier, Markus"]
[Result "0-1"]
[WhiteElo "1541"]
[BlackElo "1786"]
[PlyCount "78"]
[EventDate "2006.04.12"]
[EventType "swiss"]
[EventCountry "GER"]

1. d4 d5 2. Nf3 Bg4 3. h3 Bh5 4. g4 Bg6 5. Ne5 Nf6 6. Bg5 Ne4 7. Nxg6 hxg6 8.
Bf4 e6 9. Bg2 Bd6 10. Bxd6 Qxd6 11. Bxe4 dxe4 12. Nc3 f5 13. e3 Nc6 14. a3 a6
15. Qe2 O-O-O 16. O-O-O Ne7 17. Na4 Qd5 18. c4 Qd6 19. Kb1 Nc6 20. Qc2 g5 21.
Nc5 Nb8 22. Qb3 Qc6 23. Qb4 b6 24. Nb3 a5 25. Qc3 Kb7 26. c5 Qd5 27. Rc1 Nc6
28. Nd2 Ra8 29. b3 Rh7 30. cxb6 cxb6 31. Qc4 g6 32. Kb2 Rah8 33. Qf1 e5 34. Qc4
Qxc4 35. bxc4 exd4 36. exd4 Nxd4 37. c5 b5 38. Nb3 Nxb3 39. Kxb3 Rxh3+ 0-1

[Event "HEM 2006 B"]
[Site "Marburg"]
[Date "2006.04.15"]
[Round "7.22"]
[White "Saßmannshausen, Mark"]
[Black "Ullmann, Stefan"]
[Result "0-1"]
[WhiteElo "1785"]
[BlackElo "1663"]
[PlyCount "72"]
[EventDate "2006.04.12"]
[EventType "swiss"]
[EventCountry "GER"]

1. e4 e6 2. d4 d5 3. Nd2 Nf6 4. e5 Nfd7 5. Bd3 c5 6. c3 Nc6 7. Ne2 cxd4 8. cxd4
f6 9. Nf4 Nxd4 10. Qh5+ Ke7 11. Ng6+ hxg6 12. exf6+ Nxf6 13. Qxh8 Kf7 14. Qh4
e5 15. Nf3 Nxf3+ 16. gxf3 Bf5 17. Bxf5 gxf5 18. Rg1 Rc8 19. Qg5 Ke6 20. Qe3 d4
21. Qd3 Qd5 22. Rg5 e4 23. Qb3 Qxb3 24. axb3 Rc2 25. Bd2 exf3 26. Ra2 Rxd2 27.
Kxd2 Ne4+ 28. Kd3 Nxg5 29. Rxa7 Kd5 30. Ra5+ Bc5 31. b4 b6 32. Ra7 Bxb4 33.
Rxg7 Ne4 34. Rd7+ Bd6 35. h4 Nxf2+ 36. Kd2 Ne4+ 0-1

[Event "HEM 2006 B"]
[Site "Marburg"]
[Date "2006.04.15"]
[Round "7.23"]
[White "Brahn, Helmut"]
[Black "Ottinger, Rüdiger"]
[Result "1/2-1/2"]
[WhiteElo "1886"]
[BlackElo "1733"]
[PlyCount "52"]
[EventDate "2006.04.12"]
[EventType "swiss"]
[EventCountry "GER"]

1. c4 e6 2. e4 d5 3. cxd5 exd5 4. d3 d4 5. h3 Bb4+ 6. Nd2 Nf6 7. Qa4+ Nc6 8.
Ngf3 O-O 9. Be2 Nd7 10. O-O Bxd2 11. Bxd2 Nde5 12. Rac1 Nxf3+ 13. Bxf3 Ne5 14.
Be2 f5 15. f4 Nc6 16. e5 Be6 17. a3 Rf7 18. Bf3 Bd5 19. Bxd5 Qxd5 20. Rfe1 Nd8
21. Qc4 Qxc4 22. Rxc4 Ne6 23. b4 a6 24. a4 c6 25. Bc1 Rd7 26. g3 h5 1/2-1/2

[Event "HEM 2006 B"]
[Site "Marburg"]
[Date "2006.04.15"]
[Round "7.24"]
[White "Feigl, Markus"]
[Black "Siegismund, Florian"]
[Result "1-0"]
[WhiteElo "1761"]
[BlackElo "1476"]
[PlyCount "109"]
[EventDate "2006.04.12"]
[EventType "swiss"]
[EventCountry "GER"]

1. e4 c5 2. f4 d6 3. Nf3 Nc6 4. Bb5 Bd7 5. Nc3 Nf6 6. h3 a6 7. Bxc6 Bxc6 8. d3
Qc7 9. O-O e6 10. a4 b6 11. Ne2 Be7 12. b3 O-O 13. g4 Nd7 14. f5 d5 15. exd5
Bxd5 16. Bg5 Bxf3 17. Bxe7 Bxe2 18. Qxe2 Qg3+ 19. Qg2 Qxg2+ 20. Kxg2 Rfe8 21.
Bd6 exf5 22. gxf5 Re2+ 23. Rf2 Rae8 24. Raf1 b5 25. axb5 axb5 26. Ra1 Rxf2+ 27.
Kxf2 c4 28. Ra7 cxb3 29. cxb3 Nf6 30. Rb7 Rd8 31. Rxb5 h6 32. Rb8 Rxb8 33. Bxb8
Nd5 34. Bd6 g6 35. fxg6 fxg6 36. Kf3 Kf7 37. Ke4 Ke6 38. Be5 h5 39. h4 Ne7 40.
b4 Nf5 41. b5 Kd7 42. Kd5 Kc8 43. Kc6 Ne7+ 44. Kc5 Kb7 45. d4 g5 46. hxg5 h4
47. d5 h3 48. d6 Ng6 49. Bg3 Nf8 50. g6 Nxg6 51. d7 Nf8 52. d8=N+ Ka8 53. Kc6
Ng6 54. b6 Ne7+ 55. Kd7 1-0

[Event "HEM 2006 B"]
[Site "Marburg"]
[Date "2006.04.15"]
[Round "7.25"]
[White "Werner, Alexander"]
[Black "Freund, Klaus"]
[Result "1/2-1/2"]
[WhiteElo "1731"]
[BlackElo "1756"]
[PlyCount "75"]
[EventDate "2006.04.12"]
[EventType "swiss"]
[EventCountry "GER"]

1. e4 c5 2. c3 Nc6 3. d4 cxd4 4. cxd4 d5 5. exd5 Qxd5 6. Be3 e6 7. a3 Nf6 8.
Nc3 Qd8 9. Nf3 a6 10. Bd3 Be7 11. O-O Nd5 12. Qe2 Bf6 13. Ne4 Be7 14. Ne5 Nxe5
15. dxe5 Nxe3 16. Qxe3 Qc7 17. f4 Bd7 18. Rac1 Bc6 19. Rfd1 Rd8 20. Qg3 Qb6+
21. Qf2 Qb3 22. Qc2 Qxc2 23. Bxc2 O-O 24. b4 a5 25. Nc5 b6 26. Nd3 Bb5 27. a4
Bxd3 28. Bxd3 axb4 29. Bb5 Bc5+ 30. Kf1 g5 31. g3 gxf4 32. gxf4 Be3 33. Rxd8
Rxd8 34. Rc4 Rd4 35. Rxd4 Bxd4 36. Ke2 f6 37. exf6 Bxf6 38. Bc4 1/2-1/2

[Event "HEM 2006 B"]
[Site "Marburg"]
[Date "2006.04.15"]
[Round "7.26"]
[White "Krischak, Werner"]
[Black "Siegismund, Bernd"]
[Result "1-0"]
[WhiteElo "1721"]
[BlackElo "1749"]
[PlyCount "99"]
[EventDate "2006.04.12"]
[EventType "swiss"]
[EventCountry "GER"]

1. d4 Nf6 2. c4 d6 3. Nc3 g6 4. e4 Bg7 5. Nf3 O-O 6. Be2 Nbd7 7. O-O e5 8. Bg5
exd4 9. Nxd4 Nc5 10. b4 Ne6 11. Nxe6 Bxe6 12. Qc2 Qe8 13. Rad1 a6 14. Rfe1 Nd7
15. Nd5 Bxd5 16. cxd5 Rc8 17. Bg4 f6 18. Be6+ Kh8 19. Bf4 c6 20. Qb3 Qe7 21.
Qg3 cxd5 22. exd5 Ne5 23. Bxc8 Rxc8 24. Rc1 Qd7 25. Rxc8+ Qxc8 26. Rc1 Qf5 27.
Bxe5 fxe5 28. Qc3 Bf8 29. Qc8 Qf4 30. g3 Qh6 31. Rc2 Qg7 32. Rc7 Qf6 33. Qxb7
Qf3 34. Rxh7+ Kg8 35. Rh4 Bg7 36. Qc8+ Bf8 37. Qd7 Qd1+ 38. Kg2 Qxd5+ 39. Kh3
Qf7 40. Qxf7+ Kxf7 41. Rh7+ Bg7 42. Kg4 d5 43. Kf3 g5 44. h3 Kg6 45. Rxg7+ Kxg7
46. a4 Kf6 47. b5 axb5 48. axb5 Ke6 49. h4 e4+ 50. Ke2 1-0

[Event "HEM 2006 B"]
[Site "Marburg"]
[Date "2006.04.15"]
[Round "7.27"]
[White "Struth, Jürgen"]
[Black "Schreiber, Torsten"]
[Result "0-1"]
[WhiteElo "1642"]
[BlackElo "1968"]
[PlyCount "70"]
[EventDate "2006.04.12"]
[EventType "swiss"]
[EventCountry "GER"]

1. e4 c6 2. d4 d5 3. exd5 cxd5 4. Bd3 Nc6 5. c3 Nf6 6. Bf4 g6 7. Nf3 Bg7 8.
Nbd2 O-O 9. O-O Bg4 10. h3 Bxf3 11. Nxf3 Qb6 12. Qe2 e6 13. Rfe1 Rac8 14. Ne5
Nxe5 15. Bxe5 a6 16. Rab1 Qc6 17. Qf3 Ne8 18. Bxg7 Kxg7 19. Qe3 b5 20. Qe5+ Kg8
21. h4 Qd6 22. Qg5 Qd8 23. Qh6 Nf6 24. h5 Nxh5 25. Re5 Qh4 26. Rg5 Kh8 27. g4
Qh3 28. Bf1 Qh4 29. gxh5 gxh5 30. Rg7 Qe4 31. Rd1 Rg8 32. Rg2 Qf3 33. Re1 Rxg2+
34. Bxg2 Rg8 35. Qf8 Qxg2# 0-1

[Event "HEM 2006 B"]
[Site "Marburg"]
[Date "2006.04.15"]
[Round "7.28"]
[White "Edelmann, Patrick"]
[Black "Kohlmeyer, Klaus"]
[Result "0-1"]
[WhiteElo "798"]
[BlackElo "1631"]
[PlyCount "54"]
[EventDate "2006.04.12"]
[EventType "swiss"]
[EventCountry "GER"]

1. e4 c5 2. Nf3 d6 3. d4 cxd4 4. Nxd4 Nf6 5. Nc3 g6 6. Be2 Bg7 7. O-O O-O 8.
Re1 Nc6 9. Nf3 Bd7 10. Bg5 Qa5 11. Qd2 Rfe8 12. Bc4 Rac8 13. Bh6 Bh8 14. Ng5
Ne5 15. Bb3 Nc4 16. Re3 Qxg5 17. Bxc4 Qxh6 18. Bb3 Ng4 19. h3 Nxe3 20. fxe3
Bxc3 21. bxc3 Be6 22. Bxe6 fxe6 23. Rf1 Rf8 24. Rb1 b6 25. Kh2 Qg7 26. Rb3 Qe5+
27. Kh1 Rf1# 0-1

[Event "HEM 2006 B"]
[Site "Marburg"]
[Date "2006.04.15"]
[Round "7.29"]
[White "Jordake, Michael"]
[Black "Riedl, Janis"]
[Result "1-0"]
[WhiteElo "1621"]
[BlackElo "1250"]
[PlyCount "86"]
[EventDate "2006.04.12"]
[EventType "swiss"]
[EventCountry "GER"]

1. e4 c6 2. d4 d5 3. e5 g6 4. b3 h5 5. Bd3 Nh6 6. h3 Bf5 7. Nf3 e6 8. O-O Bxd3
9. Qxd3 Nf5 10. Bg5 Be7 11. Qd2 Nxd4 12. Qxd4 Bxg5 13. h4 Be7 14. Nc3 Nd7 15.
b4 Qb6 16. Qxb6 Nxb6 17. a3 O-O-O 18. Rfd1 Rdg8 19. Ng5 Bxg5 20. hxg5 Nc4 21.
Rac1 Rd8 22. f4 Rd7 23. b5 Rhd8 24. bxc6 bxc6 25. Na4 d4 26. Nc5 Rd5 27. Nd3 c5
28. a4 Kc7 29. Rb1 Rb8 30. Rxb8 Kxb8 31. Rb1+ Kc7 32. Kf2 Na3 33. Rb2 c4 34.
Ne1 Ra5 35. Rb4 Kc6 36. Kf3 Kc5 37. Rb7 Rxa4 38. Rxf7 c3 39. f5 exf5 40. e6 Nc4
41. e7 Nd6 42. Rf6 Ne8 43. Rxg6 Rb4 1-0

[Event "HEM 2006 B"]
[Site "Marburg"]
[Date "2006.04.15"]
[Round "7.30"]
[White "Feigl, Gerold"]
[Black "Siegismund, Verena"]
[Result "1-0"]
[WhiteElo "1514"]
[BlackElo "1169"]
[PlyCount "101"]
[EventDate "2006.04.12"]
[EventType "swiss"]
[EventCountry "GER"]

1. e4 e5 2. Bc4 Nf6 3. Nc3 Nc6 4. Nf3 Bc5 5. h3 O-O 6. d3 h6 7. O-O b6 8. a3 a5
9. Ne2 Re8 10. c3 d5 11. exd5 Nxd5 12. Bb5 Bd7 13. Ng3 Nce7 14. Bxd7 Qxd7 15.
Nxe5 Qe6 16. Nf3 Nf5 17. Nxf5 Qxf5 18. d4 Bd6 19. Re1 Re4 20. Rxe4 Qxe4 21. Qe1
Qxe1+ 22. Nxe1 Re8 23. Kf1 c6 24. Nd3 g5 25. g3 Kg7 26. c4 Nf6 27. Be3 Nd7 28.
Rc1 Bc7 29. b4 a4 30. Kg2 Kg6 31. Kf3 f5 32. d5 cxd5 33. cxd5 Bb8 34. Rc6+ Kg7
35. Bxb6 Ne5+ 36. Nxe5 Rxe5 37. d6 Rd5 38. Bc5 Rd3+ 39. Kg2 Kf7 40. Rb6 Bxd6
41. Rxd6 Rxa3 42. Rxh6 Rc3 43. Rh7+ Kg6 44. Ra7 a3 45. Bd6 Rb3 46. g4 fxg4 47.
hxg4 Kh6 48. Ra4 Kg6 49. Bc5 Kf6 50. Be3 Ke5 51. Bc1 1-0

[Event "HEM 2006 B"]
[Site "Marburg"]
[Date "2006.04.15"]
[Round "7.31"]
[White "Baqui, Khalid"]
[Black "Martens, Nick"]
[Result "0-1"]
[WhiteElo "1243"]
[BlackElo "1393"]
[PlyCount "112"]
[EventDate "2006.04.12"]
[EventType "swiss"]
[EventCountry "GER"]

1. e4 g6 2. d3 Bg7 3. Nc3 d6 4. Be2 Nc6 5. Nf3 Nd4 6. Nxd4 Bxd4 7. O-O Bd7 8.
Bd2 a6 9. Rb1 b5 10. Bf3 c6 11. Ne2 Bb6 12. Ng3 Rc8 13. Bc3 e5 14. b4 Nf6 15.
a3 O-O 16. Bd2 Kg7 17. Bg5 h6 18. Bxf6+ Qxf6 19. Bg4 Be6 20. Bxe6 Qxe6 21. Kh1
Rh8 22. f4 exf4 23. Rxf4 Bd4 24. Rg4 Kf8 25. Rf4 Be5 26. Rf3 Ke7 27. d4 Bxg3
28. d5 Qe5 29. Rxg3 h5 30. dxc6 Rxc6 31. Qg1 Rhc8 32. Rf1 R8c7 33. Qf2 Qg7 34.
Rf3 Ke8 35. Rc1 Rxc2 36. Rxc2 Rxc2 37. Qe1 Qb2 38. Qg1 Rc1 39. Rf1 Rxf1 40.
Qxf1 Qxa3 41. h3 Qxb4 42. Qc1 Qc5 43. Qh6 b4 44. Qh8+ Ke7 45. Qa8 a5 46. Qb7+
Kf6 47. e5+ dxe5 48. Qb8 a4 49. Qh8+ Ke7 50. Qh6 a3 51. Qg5+ Ke8 52. Qd2 b3 53.
Qd1 b2 54. Qa4+ Kf8 55. Qb3 Qc1+ 56. Kh2 b1=Q 0-1

[Event "HEM 2006 B"]
[Site "Marburg"]
[Date "2006.04.15"]
[Round "7.32"]
[White "Krüger, Jens"]
[Black "Zimmermann, Heinz"]
[Result "1-0"]
[WhiteElo "1214"]
[BlackElo "1429"]
[PlyCount "75"]
[EventDate "2006.04.12"]
[EventType "swiss"]
[EventCountry "GER"]

1. e4 c5 2. Nf3 Nc6 3. d4 cxd4 4. Nxd4 e5 5. Nxc6 bxc6 6. Bc4 a5 7. a3 Bb7 8.
Nc3 Qc7 9. O-O Ba6 10. Bxa6 Rxa6 11. Be3 Ra8 12. Na4 Rb8 13. Rb1 Nf6 14. f4
Nxe4 15. fxe5 d5 16. Qf3 g6 17. Rbc1 Qb7 18. c4 Bg7 19. cxd5 cxd5 20. Nc5 Nxc5
21. Rxc5 O-O 22. Rxd5 Qxb2 23. Rxa5 Qb3 24. a4 Qe6 25. Bc5 Rfd8 26. Bd6 Rb3 27.
Ra8 Rxf3 28. Rxd8+ Bf8 29. Rxf8+ Kg7 30. Rxf3 f5 31. Rc3 Qd5 32. Rc1 Qd4+ 33.
Kh1 Qxa4 34. Rfc8 Qf4 35. R8c7+ Kh6 36. Bf8+ Kg5 37. e6 h5 38. e7 1-0

[Event "HEM 2006 B"]
[Site "Marburg"]
[Date "2006.04.15"]
[Round "7.33"]
[White "Mook, Karl-Jürgen"]
[Black "Ketterling, Bianca"]
[Result "1/2-1/2"]
[WhiteElo "1325"]
[BlackElo "1379"]
[PlyCount "108"]
[EventDate "2006.04.12"]
[EventType "swiss"]
[EventCountry "GER"]

1. Nf3 d5 2. g3 Nf6 3. Bg2 Bf5 4. d3 Nbd7 5. O-O e5 6. Nbd2 c6 7. c3 Bd6 8. Re1
O-O 9. e4 Bg4 10. h3 Bxf3 11. Qxf3 Re8 12. Nf1 Nc5 13. b3 dxe4 14. dxe4 Qe7 15.
Bg5 Rad8 16. Bxf6 Qxf6 17. Qxf6 gxf6 18. Rad1 Bc7 19. Ne3 Nd3 20. Re2 Bb6 21.
Red2 Nc5 22. Rxd8 Rxd8 23. Rxd8+ Bxd8 24. Nc4 Nd3 25. b4 b5 26. Nd2 Bb6 27. Kh2
Bxf2 28. Bf1 Nc1 29. a3 Be1 30. Nb1 Na2 31. c4 a6 32. cxb5 cxb5 33. Be2 Nc3 34.
Nxc3 Bxc3 35. Bg4 Bb2 36. Bc8 Bxa3 37. Bxa6 Bxb4 38. g4 Kg7 39. Bxb5 Kg6 40. h4
h5 41. Kh3 Bd2 42. gxh5+ Kxh5 43. Be2+ Kg6 44. Bg4 Bh6 45. Bd7 Bd2 46. Kg4 Bh6
47. Bf5+ Kg7 48. h5 Bf4 49. Bd7 f5+ 50. Bxf5 f6 51. Bg6 Bh6 52. Kf5 Bg5 53. Ke6
Bh6 54. Bf7 Bg5 1/2-1/2

[Event "HEM 2006 B"]
[Site "Marburg"]
[Date "2006.04.15"]
[Round "7.34"]
[White "Bachmann, Björn"]
[Black "Fritsche, Rainer"]
[Result "0-1"]
[WhiteElo "1229"]
[BlackElo "1315"]
[PlyCount "38"]
[EventDate "2006.04.12"]
[EventType "swiss"]
[EventCountry "GER"]

1. e4 e6 2. d4 d5 3. e5 c5 4. c3 Nc6 5. Nf3 Qb6 6. Na3 a6 7. Bd3 h6 8. O-O cxd4
9. cxd4 Bd7 10. Nc2 Nge7 11. b3 Nb4 12. Bb2 Nxd3 13. Qxd3 Bb5 14. Qd2 Bxf1 15.
Rxf1 Nf5 16. Rd1 Be7 17. Qf4 g5 18. Qg4 h5 19. Qg3 Nxg3 0-1